000 00883nam a22002897a 4500
001 9742
003 FISKH
005 20260204105535.0
008 260204b cb ||||| |||| 00| 0 eng d
020 _a9780545214278
040 _aFISKH
_beng
_cFISKH
_dFISKH
050 _aQL858 .D356
082 _a591.47
100 _aDakota , Heather
245 _aFangs ! /
_cWritten by Heather Dakota and Tammi Salzano
260 _aNew York :
_bScholastic ,
_c2009 .
300 _a97 pages :
_bcolor illustrations ;
_c20 cm .
505 _aN
520 _aLearn about animals with fangs such as a rattlesnake, a black widow spider, a dog plus many others.
521 8 _a570
_bLexile IG
521 8 _aN
_bRaz-Plus
650 _aAnimals
_vNon-fiction
650 _aMystery
_vNon-fiction
700 _aThomas ,Leanne
_eDesigner
942 _2ddc
_cBK
_n0
999 _c9742
_d9742